| Tag |
First Indicator |
Second Indicator |
Subfields |
| LEADER |
00000cam a2200000 a 4500 |
| 001 |
in00001007232 |
| 005 |
20150927215025.0 |
| 008 |
910424s1991 nyua 00010 eng d |
| 020 |
|
|
|a 0451172051
|
| 035 |
|
|
|a (OCoLC)23600177
|
| 035 |
|
|
|9 AFD5652AM
|
| 040 |
|
|
|a UZZ
|c UZZ
|d UtOrBLW
|
| 049 |
|
|
|a TXAM
|a TXAS [mil]
|c 2,3
|
| 090 |
|
|
|a DS79.72
|b .P95 1991
|
| 100 |
1 |
|
|a Pyle, Richard.
|
| 245 |
1 |
0 |
|a Schwarzkopf: the man, the mission, the triumph /
|c Richard Pyle.
|
| 264 |
|
1 |
|a New York :
|b Signet Books,
|c [1991]
|
| 264 |
|
4 |
|c ©1991
|
| 300 |
|
|
|a x, 270 pages :
|b illustrations ;
|c 18 cm.
|
| 336 |
|
|
|a text
|b txt
|2 rdacontent
|
| 337 |
|
|
|a unmediated
|b n
|2 rdamedia
|
| 338 |
|
|
|a volume
|b nc
|2 rdacarrier
|
| 500 |
|
|
|a Cover title: Schwarzkopf in his own words.
|
| 600 |
1 |
0 |
|a Schwarzkopf, H. Norman,
|d 1934-2012.
|
| 650 |
|
0 |
|a Operation Desert Shield, 1990-1991.
|
| 650 |
|
0 |
|a Iraq-Kuwait Crisis, 1990-1991.
|
| 740 |
0 |
|
|a Schwarzkopf in his own words.
|
| 700 |
1 |
|
|a Schwarzkopf, H. Norman,
|d 1934-2012.
|
| 999 |
|
|
|a MARS
|
| 999 |
f |
f |
|s e722b8fa-091a-3b9c-bf3c-87c75ac65d70
|i 9c0e405c-0c1f-3a98-a524-233cfd2c259d
|t 0
|
| 952 |
f |
f |
|p normal
|a Texas A&M University
|b College Station
|c Sterling C. Evans Library
|d Evans: Library Stacks
|t 0
|e DS79.72 .P95 1991
|h Library of Congress classification
|i unmediated -- volume
|m A14812502170
|
| 952 |
f |
f |
|p noncirc
|a Texas A&M University
|b College Station
|c Cushing Memorial Library & Archives
|d Cushing: Ragan Military (Does not check out)
|t 0
|e DS79.72 .P95 1991
|h Library of Congress classification
|i unmediated -- volume
|
| 998 |
f |
f |
|a DS79.72 .P95 1991
|t 0
|l Evans: Library Stacks
|
| 998 |
f |
f |
|a DS79.72 .P95 1991
|t 0
|l Cushing: Ragan Military (Does not check out)
|